| 000 | 01140nam a22002657a 4500 | ||
|---|---|---|---|
| 001 | 121341 | ||
| 008 | 230130s2020 xxk|||||o|||| 00| 0 eng d | ||
| 020 | _a9781783213900 | ||
| 041 | _aeng | ||
| 110 | _aRoyal Institution of Chartered Surveyors | ||
| 245 |
_aProcurement of facility management _bGlobal code of practice _h[Electronic resource] |
||
| 250 | _a1st | ||
| 260 |
_aLondon, _bRoyal Institution of Chartered Surveyors, _cOctober 2020 |
||
| 300 | _a56p. | ||
| 490 | _aRICS Code of Conduct | ||
| 520 | _aThis code of practice provides guidance on the various factors that need to be considered throughout a procurement process, including activities and key decisions during planning, procurement and post-procurement. | ||
| 520 | _aEffective from January 2021 | ||
| 650 | _aFACILITY MANAGEMENT | ||
| 651 | _aInternational | ||
| 690 |
_96260 _aProcurement |
||
| 700 | _aTate, Derrick | ||
| 710 | _aRoyal Institution of Chartered Surveyors | ||
| 856 |
_uhttps://www.rics.org/uk/upholding-professional-standards/sector-standards/real-estate/procurement-of-facility-management/ _zAvailable free on RICS.org |
||
| 942 | _n0 | ||
| 999 |
_c121341 _d121341 |
||